Normal view
MARC view
Entry Personal Name
001 - CONTROL NUMBER
- control field: 62214
003 - CONTROL NUMBER IDENTIFIER
- control field: dpl
005 - DATE AND TIME OF LATEST TRANSACTION
- control field: 20240216122648.0
008 - FIXED-LENGTH DATA ELEMENTS
- fixed length control field: 240216|| aca||aabn | a|a d
040 ## - CATALOGING SOURCE
- Original cataloging agency: dpl
- Transcribing agency: dpl
100 ## - HEADING--PERSONAL NAME
- Personal name: Belfrage Louise
670 ## - SOURCE DATA FOUND
- Source citation: Work cat.: (dpl)200851: P. Ahuja Naman and Belfrage Louise 36944, A MEDIATED MAGIC; THE INDIAN PRESENCE IN MODERNISM 1880-1930, 2019
